000
00307nam a22001337a 4500
008
170203b xxu||||| |||| 00| 0 eng d
020
_a
9781418032678
041
_a
eng
080
_2
6TH
_a
61
100
_a
3
101
_a
SHM
245
_a
WORKBOOK TO ACCOMPANY MEDICAL ASSISTING
_c
KEIR, L
942
_2
udc
_c
BK
999
_c
4479
_d
4479